Logo BPK

Biblioteka

Politechniki Koszalińskiej

Blisko, a tak daleko : (Rekord nr 45266)

Szczegóły MARC
000 -ETYKIETA REKORDU
podpole kontrolne o stałej długości 02618nam a2200577 i 4500
001 - NUMER KONTROLNY REKORDU
pole kontrolne 45266
003 - IDENTYFIKATOR NUMERU KONTROLNEGO REKORDU
podpole kontrolne KOSZ 005
005 - DATA OSTATNIEJ MODYFIKACJI REKORDU
podpole kontrolne 20240405063148.0
008 - POLE O STAŁEJ DŁUGOŚCI - DANE KONTROLNE
podpole kontrolne o stałej długości 220601s2004 pl a g 100 0 pol
015 ## - NUMER BIBLIOGRAFII NARODOWEJ
Numer bibliografii narodowej UWD 2007/17944
020 ## - MIĘDZYNARODOWY ZNORMALIZOWANY NUMER KSIĄŻKI - ISBN
ISBN 8387088722
035 ## - NUMER SYSTEMOWY
Numer systemowy przejętego rekordu 991025144969705066
035 ## - NUMER SYSTEMOWY
Numer systemowy przejętego rekordu (PL-WaBN)b1685956x-48omnis_nlop
035 ## - NUMER SYSTEMOWY
Numer systemowy przejętego rekordu b1685956x
035 ## - NUMER SYSTEMOWY
Numer systemowy przejętego rekordu (OCoLC)749661914
035 ## - NUMER SYSTEMOWY
Numer systemowy przejętego rekordu zz2004916368
035 ## - NUMER SYSTEMOWY
Numer systemowy przejętego rekordu (PL)b0000001685956
035 ## - NUMER SYSTEMOWY
Numer systemowy przejętego rekordu (EXLNZ-48OMNIS_NETWORK)9910415414205606
040 ## - ŹRÓDŁO KATALOGOWANIA
Instytucja, która sporządziła opis WA N
Instytucja, która utworzyła rekord WA N
Instytucja, która dokonała modyfikacji KOSZ 005/RW
046 ## - DATY KODOWANE
Pojedyncza data lub początek okresu powstania dzieła lub zbioru dzieł 2004
080 ## - UNIWERSALNA KLASYFIKACJA DZIESIĘTNA - UKD
UKD 323.15(476=162.1)"1991/..."
245 00 - TYTUŁ/ODPOWIEDZIALNOŚĆ
Tytuł Blisko, a tak daleko :
Ciąg dalszy tytułu Polacy w obwodzie brzeskim na Białorusi = Blìzka, a tak dalëka : Palâkì ŭ Brèsckaj voblascì ŭ Belarusì /
Pozostałe elementy strefy tytułu i oznaczenia odpowiedzialności redakcja naukowa Adam Bobryk ; [recenzent pro. dr hab. Edward Pawłowski] ; Siedleckie Towarzystwo Naukowe ; Stowarzyszenie "Wspólnota Polska" Oddział w Siedlcach.
246 30 - WARIANT TYTUŁU
Tytuł Polacy w obwodzie brzeskim na Białorusi
246 31 - WARIANT TYTUŁU
Tytuł Blìzka, a tak dalëka :
Ciąg dalszy tytułu Palâkì ŭ Brèsckaj voblascì ŭ Belarusì
260 ## - STREFA ADRESU WYDAWNICZEGO
Miejsce wydania Warszawa :
Nazwa wydawcy/dystrybutora Siedleckie Towarzystwo Naukowe ;
Miejsce wydania Siedlce :
Nazwa wydawcy/dystrybutora Stowarzyszenie "Wspólnota Polska". Oddział,
Data publikacji, dystrybucji/powstania dokumentu 2004.
300 ## - STREFA OPISU FIZYCZNEGO
Objętość 307 stron :
Inne cechy fizyczne ilustracje ;
Rozmiary 24 cm.
336 ## - TYP ZAWARTOŚCI
Termin opisujący typ zawartości Tekst
Kod określający zawartość txt
Źródło (terminu i kodu) rdacontent
337 ## - TYP MEDIÓW
Tryb odtwarzania Bez urządzenia pośredniczącego
Kod typu mediów n
Źródło (terminu i kodu) rdamedia
338 ## - TYP/RODZAJ NOŚNIKA
Hasło opisujące typ nośnika Wolumin
Kod typu nośnika nc
Źródło (terminu i kodu) rdacarrier
380 ## - FORMA I TYP PUBLIKACJI
Forma i typ publikacji Książki
380 ## - FORMA I TYP PUBLIKACJI
Forma i typ publikacji Publikacje naukowe
388 1# - CZAS POWSTANIA
Czas powstania 2001-
500 ## - UWAGI OGÓLNE
Tekst uwagi Materiały z międzynarodowej konferencji naukowej "Ludność polska na terenie obwodu brzeskiego w Republice Białoruskiej", która odbyła się 27 maja 2002 r. w Akademii Podlaskiej w Siedlcach.
546 ## - UWAGA O JĘZYKU
Uwaga o języku Na stronie tytułowej także tytuł w języku rosyjskim. Spis treści także w języku białoruskim i rosyjskim.
648 #7 - HASŁO PRZEDMIOTOWE - TERMIN CHRONOLOGICZNY
Termin chronologiczny 1901-2000
Źródło hasła lub terminu DBN
648 #7 - HASŁO PRZEDMIOTOWE - TERMIN CHRONOLOGICZNY
Termin chronologiczny 1989-2000
Źródło hasła lub terminu DBN
648 #7 - HASŁO PRZEDMIOTOWE - TERMIN CHRONOLOGICZNY
Termin chronologiczny 2001-
Źródło hasła lub terminu DBN
650 #7 - HASŁO PRZEDMIOTOWE W FORMIE NAZWY OGÓLNEJ LUB JEDNOSTKOWEJ
Nazwa ogólna lub geograficzna Polacy za granicą
Źródło hasła lub terminu DBN
650 #7 - HASŁO PRZEDMIOTOWE W FORMIE NAZWY OGÓLNEJ LUB JEDNOSTKOWEJ
Nazwa ogólna lub geograficzna Stosunki etniczne
Źródło hasła lub terminu DBN
650 #7 - HASŁO PRZEDMIOTOWE W FORMIE NAZWY OGÓLNEJ LUB JEDNOSTKOWEJ
Nazwa ogólna lub geograficzna Religia
651 #7 - HASŁO PRZEDMIOTOWE W FORMIE NAZWY GEOGRAFICZNEJ
Nazwa geograficzna Brześć (Białoruś, obw. brzeski ; okolice)
Źródło hasła lub terminu DBN
655 #7 - TERMIN INDEKSOWY - OKREŚLENIE RODZAJU/FORMY DOKUMENTU
Określenie rodzaju/formy dokumentu Materiały konferencyjne
Źródło terminu DBN
658 ## - TERMIN INDEKSOWY - PRZEDMIOT PROGRAMU NAUCZANIA
Główny przedmiot programu nauczania Historia
658 ## - TERMIN INDEKSOWY - PRZEDMIOT PROGRAMU NAUCZANIA
Główny przedmiot programu nauczania Socjologia i społeczeństwo
700 1# - HASŁO DODATKOWE - NAZWA OSOBOWA
Nazwa osobowa Bobryk, Adam
Daty związane z nazwą (1967- )
Określenie związku między hasłem a opisywanym materiałem Redakcja
700 1# - HASŁO DODATKOWE - NAZWA OSOBOWA
Nazwa osobowa Kospath-Pawłowski, Edward
Daty związane z nazwą (1941-2016)
Określenie związku między hasłem a opisywanym materiałem Recenzja
710 2# - HASŁO DODATKOWE - NAZWA CIAŁA ZBIOROWEGO
Nazwa ciała zbiorowego lub jednostki geograficznej Siedleckie Towarzystwo Naukowe
Kod określenia powiązania pbl
856 ## - LOKALIZACJA I DOSTĘP DO ELEKTRONICZNYCH DOKUMENTÓW ZDALNYCH
Link (URL) http://koha.tu.koszalin.pl/cgi-bin/koha/opac-detail.pl?biblionumber=45266
Tekst linku Katalog online BPK
942 ## - DODATKOWE ELEMENTY (KOHA)
Schemat klasyfikacji Uniwersalna Klasyfikacja Dziesiętna
Typ dokumentu Książka
Egzemplarze
Wycofany Status egzemplarza Uszkodzony Dostępność Lokalizacja stała Lokalizacja bieżąca Miejsce przechowywania Sygnatura Kod kreskowy Typ dokumentu
      Tylko na miejscu Biblioteka Politechniki Koszalińskiej Biblioteka Politechniki Koszalińskiej Czytelnia Wydziałowa ul. Kwiatkowskiego 6e 73644 02215211 Książka
© 2023 Biblioteka Politechniki Koszalińskiej :: KOHA